[Event "Karnevals-Open"]
[Site "Solingen"]
[Date "2012.02.19"]
[Round "4.30"]
[White "Nink, Niklas"]
[Black "Buckels, Valentin"]
[Result "0-1"]
[WhiteElo "819"]
[BlackElo "1716"]
[PlyCount "70"]
[EventDate "2012.??.??"]
[WhiteTeam "SG Solingen e.V."]
[BlackTeam "SK Turm Kleve 1974 e.V."]

1. e4 c5 2. b3 d6 3. Bb2 Nc6 4. Nf3 Nf6 5. d3 g6 6. Nbd2 Bg7 7. Be2 O-O 8. O-O
e5 9. c4 Be6 10. Ng5 a6 11. Nxe6 fxe6 12. a3 b5 13. Nf3 Rb8 14. Rb1 Qe7 15. Qc2
Rfc8 16. Nd2 Bh6 17. Bc1 Nd4 18. Qd1 Bxd2 19. Bxd2 bxc4 20. dxc4 Nxe4 21. Bh6
Nc3 22. Qd2 Ndxe2+ 23. Kh1 Nxb1 24. Rxb1 Nd4 25. b4 cxb4 26. axb4 Rxc4 27. h3
Nf5 28. Bg5 Qb7 29. b5 axb5 30. Qe2 Re4 31. Be3 Rxe3 32. Qa2 Rd3 33. Qxe6+ Qf7
34. Qxf7+ Kxf7 35. Kh2 b4 0-1

[Event "Karnevals-Open"]
[Site "Solingen"]
[Date "2012.02.19"]
[Round "4.31"]
[White "Rieger, Isabelle"]
[Black "Hollender, Christoph"]
[Result "0-1"]
[WhiteElo "1662"]
[BlackElo "1831"]
[PlyCount "88"]
[EventDate "2012.??.??"]
[WhiteTeam "SV Fideler Bauer Lever"]
[BlackTeam "SV Blau-Weiß Concordia 07/24 Vie"]

1. d4 Nf6 2. c4 g6 3. Nc3 Bg7 4. e4 d6 5. Nf3 O-O 6. Be2 Nbd7 7. O-O e5 8. d5
Nc5 9. Qc2 a5 10. Ne1 Ne8 11. Nd3 Nxd3 12. Bxd3 f5 13. f4 fxe4 14. Nxe4 Bf5 15.
Ng5 exf4 16. Bxf4 Bd4+ 17. Kh1 Ng7 18. Bxf5 Rxf5 19. Qd2 Be5 20. Bxe5 Qxg5 21.
Qxg5 Rxg5 22. Bc3 b6 23. Rae1 Nf5 24. Kg1 Rf8 25. Re6 Rg4 26. b3 Rf7 27. Re8+
Rf8 28. Rxf8+ Kxf8 29. h3 Rg3 30. Be1 Re3 31. g4 Kg8 32. gxf5 gxf5 33. Rf2
Rxe1+ 34. Kg2 Re5 35. Kf3 Kf7 36. h4 Kf6 37. Rg2 Re4 38. Rh2 h5 39. Kg3 Ke5 40.
Kf3 Kf6 41. Kg3 a4 42. Kf3 axb3 43. axb3 Ke5 44. Rh3 b5 0-1

[Event "Karnevals-Open"]
[Site "Solingen"]
[Date "2012.02.19"]
[Round "4.32"]
[White "Grothues-Lay, Kay"]
[Black "Rist, Kurt"]
[Result "1-0"]
[WhiteElo "1783"]
[BlackElo "1662"]
[PlyCount "93"]
[EventDate "2012.??.??"]
[WhiteTeam "SV Erftstadt e.V."]
[BlackTeam "Schachgesellschaft Solingen e.V."]

1. d4 Nf6 2. f4 e6 3. Nf3 b6 4. e3 Bb7 5. Bd3 Ne4 6. O-O f5 7. Nbd2 Nf6 8. Qe2
c5 9. c3 Ne4 10. Ne5 Be7 11. Bxe4 fxe4 12. Qh5+ g6 13. Nxg6 hxg6 14. Qxh8+ Bf8
15. a4 a5 16. b3 d6 17. Bb2 Nd7 18. Nc4 Qe7 19. dxc5 bxc5 20. Rfd1 Bd5 21. Qg8
Nf6 22. Qxg6+ Qf7 23. Qxf7+ Kxf7 24. Nb6 Rb8 25. Nxd5 Nxd5 26. Kf2 Rxb3 27.
Rab1 Ke7 28. Rdc1 Bg7 29. g4 c4 30. h4 Nf6 31. Rg1 Nd7 32. g5 Nc5 33. Ke2 Nxa4
34. Ba1 Bxc3 35. Rxb3 cxb3 36. Bxc3 Nxc3+ 37. Kd2 Nd5 38. g6 Kf8 39. g7+ Kg8
40. h5 a4 41. h6 Nf6 42. Kc3 Nd5+ 43. Kb2 Nf6 44. Rg6 Nh7 45. Rxe6 a3+ 46. Kxb3
a2 47. Re8+ 1-0

[Event "Karnevals-Open"]
[Site "Solingen"]
[Date "2012.02.19"]
[Round "4.33"]
[White "Rameker, Robert"]
[Black "Boschek, Dr. Hans-Joachim"]
[Result "0-1"]
[WhiteElo "1405"]
[BlackElo "1900"]
[PlyCount "74"]
[EventDate "2012.??.??"]
[WhiteTeam "SF Moers e.V."]
[BlackTeam "SV 1922 Hilden"]

1. d4 Nf6 2. c4 e6 3. a3 c5 4. e3 d5 5. Nf3 Nc6 6. cxd5 exd5 7. Nc3 Be7 8. Be2
O-O 9. O-O Bf5 10. dxc5 Bxc5 11. b4 Bb6 12. Nb5 Be4 13. Bb2 a5 14. bxa5 Nxa5
15. Nfd4 Qe7 16. Bc3 Rfc8 17. Bb4 Qe5 18. Bd6 Qg5 19. Nf3 Qg6 20. Bg3 Bc2 21.
Qe1 Nb3 22. Ne5 Qh6 23. Bf4 g5 24. Ng4 Nxg4 25. Bxg4 f5 26. Nd6 fxg4 27. Nxc8
Rxc8 28. Bxg5 Qxg5 29. Ra2 Qf5 30. Qb4 Rc6 31. Qe7 Rc7 32. Qd8+ Kg7 33. Qd6 Ba5
34. a4 Rf7 35. Qa3 Rc7 36. Rb2 Nd2 37. Rc1 Nc4 0-1

[Event "Karnevals-Open"]
[Site "Solingen"]
[Date "2012.02.19"]
[Round "4.34"]
[White "Barche, Uwe"]
[Black "Seeger, Simon"]
[Result "0-1"]
[WhiteElo "1061"]
[BlackElo "1371"]
[PlyCount "92"]
[EventDate "2012.??.??"]
[WhiteTeam "SG Solingen e.V."]
[BlackTeam "SV Betzdorf-Kirchen"]

1. c4 Nf6 2. g3 g6 3. Nc3 Bg7 4. d3 O-O 5. Bg2 c6 6. Nf3 d5 7. cxd5 Nxd5 8. Bd2
Nd7 9. O-O N7f6 10. e4 Nc7 11. Re1 Re8 12. Qc2 Bd7 13. Rab1 Qc8 14. a4 Bh3 15.
b4 a6 16. Be3 h5 17. Ng5 Bxg2 18. Kxg2 Nh7 19. h4 Ne6 20. b5 Nexg5 21. hxg5 h4
22. Ne2 hxg3 23. Nxg3 cxb5 24. Qxc8 Rexc8 25. axb5 Rd8 26. Red1 Bd4 27. Bxd4
Rxd4 28. f4 Rad8 29. Rb3 f5 30. exf5 Rxf4 31. Rf1 Rxf1 32. Kxf1 gxf5 33. Nxf5
Rf8 34. bxa6 Rxf5+ 35. Ke2 bxa6 36. g6 Nf8 37. Rb8 Kg7 38. Re8 Nxg6 39. Ra8 Rf6
40. Ra7 Kf7 41. d4 Rd6 42. Kd3 Kf6 43. Kc4 Kf5 44. Kc5 Kf6 45. Rb7 Nf8 46. Rb3
Ne6+ 0-1

[Event "Karnevals-Open"]
[Site "Solingen"]
[Date "2012.02.19"]
[Round "4.35"]
[White "Tiemann, Steffen"]
[Black "Barche, Robert"]
[Result "0-1"]
[WhiteElo "1283"]
[BlackElo "1037"]
[PlyCount "70"]
[EventDate "2012.??.??"]
[WhiteTeam "SC Bocholt 1926 e.V."]
[BlackTeam "SG Solingen e.V."]

1. e4 e6 2. d4 d6 3. Nf3 b6 4. Bd3 Bb7 5. c4 c6 6. Qc2 g6 7. Nc3 Ne7 8. O-O Bg7
9. Bf4 d5 10. e5 O-O 11. b4 Nd7 12. c5 b5 13. Rfe1 a5 14. a3 axb4 15. axb4 Qc7
16. Ra2 Ra6 17. Rxa6 Bxa6 18. Bg5 f6 19. exf6 Nxf6 20. Rxe6 Bc8 21. Re1 Re8 22.
Ne5 Ng4 23. Bf4 Nf5 24. Qe2 Nxd4 25. Qa2 Bxe5 26. Qa8 Qb7 27. Qa5 Kf7 28. Bxe5
Nxe5 29. Be2 Nd3 30. Rd1 Nxe2+ 31. Kf1 Nxc3 32. Rxd3 Qe7 33. Re3 Qg5 34. Rxc3
Qd2 35. Qc7+ Re7 0-1

[Event "Karnevals-Open"]
[Site "Solingen"]
[Date "2012.02.19"]
[Round "4.36"]
[White "Möller, Laura"]
[Black "Nguyen, Gia Huy Philipp"]
[Result "0-1"]
[WhiteElo "963"]
[BlackElo "1222"]
[PlyCount "100"]
[EventDate "2012.??.??"]
[WhiteTeam "SG Solingen e.V."]
[BlackTeam "SG Solingen e.V."]

1. e4 c5 2. Nc3 d6 3. Bc4 Nc6 4. d3 e6 5. Be3 Nf6 6. Nf3 Be7 7. O-O d5 8. exd5
exd5 9. Nxd5 Nxd5 10. Bxd5 Qxd5 11. c4 Qd8 12. Rc1 O-O 13. Qe2 Bf5 14. Rfd1 Qc7
15. Ne1 Rad8 16. Qf3 Qc8 17. Qg3 Qe6 18. Rc3 Qg6 19. Qxg6 Bxg6 20. f4 Nd4 21.
Bxd4 Rxd4 22. g3 Rfd8 23. a3 a6 24. b4 cxb4 25. axb4 Bxb4 26. Rb3 Bc5 27. Kf1
b6 28. h4 f6 29. Ke2 Bf7 30. Rbb1 Bh5+ 31. Nf3 Bxf3+ 32. Kxf3 Rxd3+ 33. Rxd3
Rxd3+ 34. Kg4 Rc3 35. Rd1 Rxc4 36. Rd8+ Kf7 37. Rd7+ Be7 38. Rb7 Rc6 39. h5 h6
40. f5 b5 41. Ra7 Rb6 42. Kh4 b4 43. g4 b3 44. g5 hxg5+ 45. Kg4 b2 46. Kg3 b1=Q
47. Kg4 Qe4+ 48. Kg3 Rb3+ 49. Kf2 Qc2+ 50. Ke1 Rb1# 0-1

[Event "Karnevals-Open"]
[Site "Solingen"]
[Date "2012.02.19"]
[Round "5.1"]
[White "Nagel, Bernhard"]
[Black "Coenen, Michael"]
[Result "1/2-1/2"]
[WhiteElo "2281"]
[BlackElo "2296"]
[PlyCount "106"]
[EventDate "2012.??.??"]
[WhiteTeam "Wiesbadener SV 1885"]
[BlackTeam "SG Hochneukirch"]

1. Nf3 Nf6 2. c4 g6 3. Nc3 d5 4. cxd5 Nxd5 5. Qa4+ Nc6 6. Ne5 Nxc3 7. bxc3 Bd7
8. Nxd7 Qxd7 9. Rb1 Nd8 10. Qxd7+ Kxd7 11. d4 Bg7 12. g3 c5 13. Bh3+ e6 14. O-O
cxd4 15. cxd4 Rc8 16. Bg5 f6 17. Bf4 f5 18. Rfc1 Rxc1+ 19. Rxc1 Nc6 20. e3 h6
21. g4 g5 22. Bg3 f4 23. exf4 Nxd4 24. Rd1 Ke7 25. Bf1 e5 26. fxe5 Bxe5 27. Kg2
Bxg3 28. hxg3 Rd8 29. a4 Ne6 30. Re1 Rd4 31. a5 Rxg4 32. Kf3 Rd4 33. Bh3 Rd6
34. Bxe6 Rxe6 35. Rb1 b6 36. Kg4 Rf6 37. axb6 axb6 38. f4 gxf4 39. gxf4 Kd7 40.
f5 Rc6 41. Kf4 Ke7 42. Ke5 h5 43. Rg1 Rc5+ 44. Kf4 b5 45. Rg7+ Kf6 46. Rg6+ Kf7
47. Rh6 h4 48. Kg5 Rc4 49. Rh7+ Kg8 50. Rb7 b4 51. Kg6 Rg4+ 52. Kh5 Re4 53. Kg6
Rg4+ 1/2-1/2

[Event "Karnevals-Open"]
[Site "Solingen"]
[Date "2012.02.19"]
[Round "5.2"]
[White "König, Falk"]
[Black "Kappelt, Jörg"]
[Result "1-0"]
[WhiteElo "2147"]
[BlackElo "2149"]
[PlyCount "69"]
[EventDate "2012.??.??"]
[WhiteTeam "SF Vonkeln 1931"]
[BlackTeam "SV 1922 Hilden"]

1. e4 d6 2. d4 Nf6 3. f3 e5 4. Be3 Be7 5. Qd2 Nbd7 6. d5 c6 7. c4 c5 8. Nc3 a6
9. a3 h6 10. Nge2 Nh7 11. g3 Bg5 12. f4 exf4 13. gxf4 Bh4+ 14. Ng3 Nhf6 15.
O-O-O Ng4 16. Nf5 Qf6 17. Rg1 Nxe3 18. Nxg7+ Kd8 19. Qxe3 Ne5 20. Nh5 Qe7 21.
fxe5 Bg5 22. Rxg5 hxg5 23. exd6 Qe5 24. Qxc5 Bd7 25. Qc7+ Ke8 26. Bh3 g4 27.
Bxg4 Qg5+ 28. Kb1 Bxg4 29. Ng7+ Kf8 30. Ne6+ Bxe6 31. dxe6 Rh7 32. Rf1 Qg2 33.
Rxf7+ Kg8 34. Rxh7 Qf1+ 35. Ka2 1-0

[Event "Karnevals-Open"]
[Site "Solingen"]
[Date "2012.02.19"]
[Round "5.3"]
[White "Wolter, Kai"]
[Black "Besel, Waldemar"]
[Result "1/2-1/2"]
[WhiteElo "2240"]
[BlackElo "2076"]
[PlyCount "147"]
[EventDate "2012.??.??"]
[WhiteTeam "SK Münster 32 e.V."]
[BlackTeam "SV Betzdorf-Kirchen"]

1. e4 c5 2. Nf3 e6 3. d4 cxd4 4. Nxd4 a6 5. Nc3 b5 6. Bd3 Bb7 7. O-O d6 8. f4
Nd7 9. Qe2 Qc7 10. Kh1 Ngf6 11. Bd2 Be7 12. Rae1 b4 13. Nd1 d5 14. exd5 Nxd5
15. c4 bxc3 16. Nxc3 Qb6 17. Nf5 Bf6 18. Na4 Qc7 19. Rc1 Qb8 20. Ng3 O-O 21.
Ne4 Be7 22. Qh5 N5f6 23. Nxf6+ Nxf6 24. Qe2 Rd8 25. Ba5 Rf8 26. f5 Bd8 27. Bxd8
Qxd8 28. Nc5 Bd5 29. fxe6 fxe6 30. Nxe6 Bxe6 31. Qxe6+ Kh8 32. Rcd1 Qa5 33. Qh3
h6 34. Bb1 Qb5 35. Qd3 Qxd3 36. Bxd3 a5 37. Kg1 Rfb8 38. b3 a4 39. Bc4 axb3 40.
Bxb3 Rc8 41. h3 h5 42. Kh2 Kh7 43. Rd4 Kh6 44. Re1 Rc7 45. Rd6 Kg6 46. Re2 Rc5
47. Rc2 Re5 48. Re6 Rea5 49. Rc7 R5a7 50. Rxa7 Rxa7 51. Re5 h4 52. g3 hxg3+ 53.
Kxg3 Rc7 54. Kf3 Rc1 55. Ke2 Rc3 56. Re3 Rc7 57. Kd2 Kf5 58. Bc2+ Kf4 59. Rc3
Rd7+ 60. Kc1 Nd5 61. Rd3 Ke5 62. Bb3 Rc7+ 63. Kb2 Nf4 64. Rg3 Kd4 65. Bc2 Rb7+
66. Rb3 Rxb3+ 67. Kxb3 Nxh3 68. Kb4 Nf4 69. a4 Nd5+ 70. Ka5 Kc5 71. Bg6 Nb4 72.
Be8 g5 73. Bb5 Nc6+ 74. Ka6 1/2-1/2

[Event "Karnevals-Open"]
[Site "Solingen"]
[Date "2012.02.19"]
[Round "5.4"]
[White "Gülsen, Taylan"]
[Black "Seger, Rüdiger"]
[Result "1-0"]
[WhiteElo "1958"]
[BlackElo "2390"]
[PlyCount "133"]
[EventDate "2012.??.??"]
[WhiteTeam "Schachgemeinschaft Niederkassel"]
[BlackTeam "SG Trier"]

1. e4 c6 2. d4 d5 3. Nc3 dxe4 4. Nxe4 Bf5 5. Ng3 Bg6 6. h4 h6 7. Nf3 Nd7 8. h5
Bh7 9. Bd3 Bxd3 10. Qxd3 Ngf6 11. Bf4 Qa5+ 12. Bd2 Qa4 13. a3 e6 14. b3 Qb5 15.
c4 Qb6 16. O-O Qc7 17. Rfe1 O-O-O 18. Bc3 Bd6 19. Ne4 Nxh5 20. d5 exd5 21. cxd5
Nf4 22. Qe3 Nxd5 23. Qxa7 Nxc3 24. Nxc3 Qb6 25. Qa4 Nf6 26. Rac1 Rhe8 27. Rxe8
Rxe8 28. Nb5 Bb8 29. Nbd4 Re4 30. Qc4 Ba7 31. Rd1 Qc7 32. Qc2 g6 33. b4 Kb8 34.
b5 Bxd4 35. Nxd4 cxb5 36. Qb2 Qe5 37. Qb4 Qd5 38. Qf8+ Ka7 39. Qb4 Kb8 40. Qf8+
Ka7 41. Qb4 Ka8 42. Qa5+ Kb8 43. Nc6+ Qxc6 44. Rd8+ Qc8 45. Rxc8+ Kxc8 46. Qc3+
Kd7 47. Qxf6 Re7 48. Qb6 Ke8 49. Qxb5+ Kf8 50. Qb2 Kg8 51. a4 h5 52. a5 Rd7 53.
Qb3 Re7 54. Qc4 Kf8 55. Qc8+ Kg7 56. f4 f5 57. Kf2 Kf6 58. g3 Kg7 59. Kf3 Kf7
60. Qh8 Ke6 61. Ke3 Kd5+ 62. Kd3 Rd7 63. Qe5+ Kc6+ 64. Kc4 Rd6 65. Kb4 Kd7 66.
Kb5 Ra6 67. Qb8 1-0

[Event "Karnevals-Open"]
[Site "Solingen"]
[Date "2012.02.19"]
[Round "5.5"]
[White "Turco, Alfonso"]
[Black "Jakob, Matthias"]
[Result "1-0"]
[WhiteElo "2074"]
[BlackElo "2005"]
[PlyCount "35"]
[EventDate "2012.??.??"]
[WhiteTeam "Satranc Club 2000"]
[BlackTeam "Sportgemeinschaft Kaarst 1912/35"]

1. b3 Nf6 2. Bb2 c5 3. c4 Nc6 4. g3 e6 5. Bg2 Be7 6. Nf3 O-O 7. O-O d5 8. e3 d4
9. exd4 cxd4 10. Re1 Ne8 11. d3 f6 12. Nh4 e5 13. Bd5+ Kh8 14. Qh5 h6 15. Bc1
f5 16. Bxh6 Nf6 17. Bxg7+ Kxg7 18. Qg6+ 1-0

[Event "Karnevals-Open"]
[Site "Solingen"]
[Date "2012.02.19"]
[Round "5.6"]
[White "Schülke, Tilman"]
[Black "Coenen, Siegfried"]
[Result "1/2-1/2"]
[WhiteElo "2005"]
[BlackElo "1980"]
[PlyCount "143"]
[EventDate "2012.??.??"]
[WhiteTeam "Düsseldorfer SV 1854"]
[BlackTeam "SG Hochneukirch"]

1. g3 e5 2. Bg2 Nf6 3. d3 d5 4. Nf3 Bd6 5. Nbd2 O-O 6. e4 dxe4 7. dxe4 Bg4 8.
c3 Nc6 9. Qc2 Qe7 10. O-O Rfd8 11. Re1 h6 12. Nf1 Bc5 13. b4 Bb6 14. Nh4 Qd7
15. Be3 Qd3 16. Rac1 Qxc2 17. Rxc2 Bd1 18. Rc1 Ba4 19. h3 Rd7 20. Nf5 Rad8 21.
Bxb6 axb6 22. N5e3 Bb5 23. Nd5 Bc4 24. Nxf6+ gxf6 25. Rc2 Ra8 26. Ra1 Ra3 27.
Ne3 Bb3 28. Rb2 Be6 29. Nd5 Bxd5 30. exd5 Ne7 31. Rc1 b5 32. c4 bxc4 33. Rxc4
Nf5 34. Rbc2 Nd4 35. Rxc7 Rd6 36. Rb2 b6 37. Rc1 Kg7 38. Re1 Kf8 39. Re3 Ra7
40. Rc3 f5 41. Rd3 Nb5 42. Rc2 e4 43. Rdd2 Rad7 44. a4 Na3 45. Ra2 Nb1 46. Rdb2
Nc3 47. Ra3 Nxd5 48. a5 Ra7 49. Rd2 bxa5 50. Rxa5 Nxb4 51. Rxd6 Rxa5 52. Rxh6
Ra1+ 53. Bf1 Nd5 54. Rc6 e3 55. Rc2 f4 56. gxf4 Nxf4 57. fxe3 Nxh3+ 58. Kg2 Ng5
59. Bd3 Ra3 60. Rd2 Ke7 61. Kg3 Ra4 62. Rb2 Ne6 63. Rb3 Kf6 64. Rc3 Ke5 65. Kf3
f5 66. Rc2 Ra3 67. Rd2 Ng5+ 68. Ke2 Ra4 69. Rb2 Ra5 70. Rb5+ Rxb5 71. Bxb5 Ne4
72. Bd3 1/2-1/2

[Event "Karnevals-Open"]
[Site "Solingen"]
[Date "2012.02.19"]
[Round "5.7"]
[White "Lasschuit, René"]
[Black "Bröhl, Stephan"]
[Result "0-1"]
[WhiteElo "1873"]
[BlackElo "2140"]
[PlyCount "90"]
[EventDate "2012.??.??"]
[BlackTeam "Godesberger SK 1929 e.V."]

1. d4 d5 2. Nf3 Nf6 3. g3 Bf5 4. Bg2 e6 5. O-O h6 6. c4 c6 7. Qb3 Qb6 8. Qxb6
axb6 9. cxd5 exd5 10. a3 b5 11. Bf4 Nbd7 12. Nbd2 Be7 13. Ne5 g5 14. Nxd7 gxf4
15. Nxf6+ Bxf6 16. Nf3 fxg3 17. hxg3 Ra4 18. e3 O-O 19. Nd2 Rfa8 20. Nb3 Be7
21. Rac1 b4 22. axb4 Rxb4 23. Nc5 Rxb2 24. Ra1 Rxa1 25. Rxa1 Kg7 26. Ra7 Bxc5
27. dxc5 Rb1+ 28. Kh2 Bd3 29. Ra5 Kf6 30. Ra3 Ba6 31. Rc3 Bc4 32. e4 Rb5 33.
exd5 cxd5 34. Rf3+ Kg6 35. Rf4 h5 36. Bf3 Rxc5 37. Rh4 b5 38. Bxh5+ Kg7 39.
Rg4+ Kf8 40. Rf4 d4 41. Bd1 Rd5 42. Kg2 b4 43. Kf3 b3 44. Ke4 b2 45. Bc2 d3 0-1

[Event "Karnevals-Open"]
[Site "Solingen"]
[Date "2012.02.19"]
[Round "5.8"]
[White "Peters, Alex"]
[Black "Brecker, Hans-Jörg"]
[Result "1-0"]
[WhiteElo "2208"]
[BlackElo "1966"]
[PlyCount "91"]
[EventDate "2012.??.??"]
[WhiteTeam "Brühler SK 1920 e.V."]
[BlackTeam "SF Erkelenz 1959 e.V."]

1. b3 Nf6 2. e3 d5 3. Bb2 g6 4. f4 Bg7 5. Nf3 O-O 6. g3 c6 7. Bg2 Bg4 8. h3 Bd7
9. Ne5 Ne4 10. Qf3 f6 11. Nxd7 Qxd7 12. d3 Nd6 13. Nd2 a5 14. a3 e5 15. e4 dxe4
16. dxe4 Qe7 17. Rd1 Na6 18. O-O Nc5 19. Qe3 Ne6 20. f5 gxf5 21. exf5 Ng5 22.
Qc5 Kh8 23. h4 Ngf7 24. Nc4 Nxf5 25. Qxe7 Nxe7 26. Rd7 Nd5 27. Rxb7 Nd8 28. Rd7
Rf7 29. Nxe5 fxe5 30. Rfxf7 Nxf7 31. Rxf7 Rd8 32. Kf2 Kg8 33. Ra7 a4 34. Rxa4
Nb6 35. Re4 Rd1 36. Re1 Rd2+ 37. Re2 Rxe2+ 38. Kxe2 c5 39. a4 Kf7 40. a5 Nc8
41. Ke3 Ke7 42. Ke4 Kd6 43. g4 h6 44. a6 Bf6 45. Kf5 Bxh4 46. Bxe5+ 1-0

[Event "Karnevals-Open"]
[Site "Solingen"]
[Date "2012.02.19"]
[Round "5.9"]
[White "Flesch, Dr. Stefan"]
[Black "Maczkowiak, Thomas"]
[Result "1-0"]
[WhiteElo "2110"]
[BlackElo "1923"]
[PlyCount "75"]
[EventDate "2012.??.??"]
[WhiteTeam "Düsseldorfer SK 14/25 e."]
[BlackTeam "SG Ennepe-Ruhr-S"]

1. d4 Nf6 2. c4 g6 3. Nc3 d5 4. e3 Bg7 5. Qb3 dxc4 6. Bxc4 O-O 7. Nf3 Nc6 8.
Be2 Na5 9. Qc2 Nc6 10. O-O Nd5 11. e4 Nxc3 12. bxc3 e5 13. Ba3 Re8 14. d5 Ne7
15. c4 Bg4 16. Rab1 b6 17. h3 Bxf3 18. Bxf3 c5 19. Bc1 Qd6 20. Bd2 f5 21. a4 a5
22. Bc3 Rf8 23. Rfe1 fxe4 24. Bxe4 Nf5 25. Bxf5 Rxf5 26. Qb2 Raf8 27. Re2 Rf4
28. Qb5 Qe7 29. Bd2 Rd4 30. Be3 Rh4 31. Qxb6 Rxc4 32. d6 Qh4 33. d7 Bf6 34.
Bxc5 Rd8 35. Qe6+ Kg7 36. g3 Rc1+ 37. Rxc1 Qxa4 38. Be7 1-0

[Event "Karnevals-Open"]
[Site "Solingen"]
[Date "2012.02.19"]
[Round "5.10"]
[White "Speck, Stefan"]
[Black "Täger, Torsten"]
[Result "0-1"]
[WhiteElo "1983"]
[BlackElo "2095"]
[PlyCount "68"]
[EventDate "2012.??.??"]
[WhiteTeam "SC Solingen 1928 e.V."]
[BlackTeam "SV Lahn Limburg"]

1. d4 g6 2. c4 Bg7 3. Nc3 d6 4. e4 Nc6 5. Be3 Nf6 6. h3 O-O 7. Nf3 e5 8. d5 Ne7
9. Qd2 Nxe4 10. Nxe4 f5 11. Nxd6 cxd6 12. Bh6 f4 13. Bxg7 Kxg7 14. Bd3 b6 15.
O-O-O Nf5 16. h4 h6 17. Kb1 Ne7 18. Qe2 Bf5 19. Be4 Qd7 20. Ka1 Rac8 21. Rhg1
Ng8 22. g4 fxg3 23. Rxg3 Bxe4 24. Qxe4 Qf5 25. Qe2 Kh7 26. Rdg1 Ne7 27. h5 Qxh5
28. b3 Rf5 29. Qe3 Rcf8 30. Nd4 exd4 31. Qxe7+ R8f7 32. Qxd6 R5f6 33. Qd8 Qe2
34. R3g2 d3 0-1

[Event "Karnevals-Open"]
[Site "Solingen"]
[Date "2012.02.19"]
[Round "5.11"]
[White "Conrad, Joachim"]
[Black "Reksten, Daniel"]
[Result "0-1"]
[WhiteElo "2086"]
[BlackElo "1857"]
[PlyCount "70"]
[EventDate "2012.??.??"]
[WhiteTeam "Velberter SG 192"]
[BlackTeam "SG Solingen e.V."]

1. d4 d5 2. Nf3 Nf6 3. e3 e6 4. Bd3 Bd6 5. O-O O-O 6. Nbd2 c5 7. b3 b6 8. Bb2
Nbd7 9. Ne5 Bb7 10. f4 Ne4 11. Ndf3 f5 12. c4 Ndf6 13. Rc1 Rc8 14. Qe2 Qe7 15.
Rfd1 Rfd8 16. Rc2 Rc7 17. Rdc1 Rdc8 18. Rd1 Kh8 19. Qe1 Rg8 20. Qh4 Qe8 21. Be2
Be7 22. Qh3 Rf8 23. Ng5 Bd6 24. cxd5 Bxd5 25. Bc4 Bxe5 26. Nxe4 Bxe4 27. dxe5
Bxc2 28. Rd2 Ne4 29. Rxc2 Rd7 30. Qf3 Nd2 31. Qe2 Nxc4 32. Qxc4 Rd1+ 33. Kf2
Qh5 34. Qe2 Qh4+ 35. Kf3 Qxh2 0-1

[Event "Karnevals-Open"]
[Site "Solingen"]
[Date "2012.02.19"]
[Round "5.12"]
[White "Zolfagharian, Kevin"]
[Black "Probst, Andreas"]
[Result "1/2-1/2"]
[WhiteElo "1979"]
[BlackElo "2043"]
[PlyCount "43"]
[EventDate "2012.??.??"]
[WhiteTeam "SG Solingen e.V."]
[BlackTeam "Düsseldorfer SK 14/25 e."]

1. e4 c5 2. Nf3 a6 3. Nc3 d6 4. d4 cxd4 5. Nxd4 Nf6 6. Bg5 e6 7. f4 Be7 8. Qe2
Nc6 9. O-O-O Qc7 10. g3 h6 11. Bh4 b5 12. Nxc6 Qxc6 13. Bg2 Bb7 14. Rhg1 Qc7
15. e5 dxe5 16. Bxf6 Bxf6 17. Nxb5 axb5 18. Qxb5+ Ke7 19. Bxb7 Rhb8 20. Qb4+
Ke8 21. Qb5+ Ke7 22. Qb4+ 1/2-1/2

[Event "Karnevals-Open"]
[Site "Solingen"]
[Date "2012.02.19"]
[Round "5.13"]
[White "Hobusch, Jan"]
[Black "Peter, Laurenz"]
[Result "0-1"]
[WhiteElo "2036"]
[BlackElo "1826"]
[PlyCount "78"]
[EventDate "2012.??.??"]
[WhiteTeam "SG Solingen e.V."]
[BlackTeam "Sportgemeinschaft Kaarst 1912/35"]

1. d4 e6 2. Bf4 b6 3. e3 Bb7 4. Nf3 Nf6 5. Nbd2 c5 6. c3 Be7 7. Be2 O-O 8. O-O
Nh5 9. Bxb8 Qxb8 10. a4 a6 11. Qb3 Bc6 12. Ne5 Nf6 13. Nxc6 dxc6 14. Bf3 Qc7
15. Nc4 Nd7 16. Qc2 Rad8 17. Qe2 cxd4 18. exd4 Rfe8 19. Ne3 a5 20. Qc4 Rc8 21.
b4 Bg5 22. bxa5 bxa5 23. Rab1 Nb6 24. Qa6 Nd5 25. Rb7 Qd8 26. Bxd5 cxd5 27. f4
Bf6 28. Qa7 Rxc3 29. Nd1 Rc4 30. Qa6 Bxd4+ 31. Kh1 Rxa4 32. Qb5 Rb4 33. Qa6 Qc8
34. Re7 Rf8 35. Qxa5 Qc4 36. Re1 Rb1 37. Rc7 Qd3 38. Qa4 Bf2 39. Qc6 Rxd1 0-1

[Event "Karnevals-Open"]
[Site "Solingen"]
[Date "2012.02.19"]
[Round "5.14"]
[White "Große-Hering, Peter"]
[Black "Schmidt, Kai-Uwe"]
[Result "1/2-1/2"]
[WhiteElo "1938"]
[BlackElo "2031"]
[PlyCount "150"]
[EventDate "2012.??.??"]
[WhiteTeam "SV Horst-Emscher 31"]
[BlackTeam "Klub Kölner SF e.V. 1"]

1. e4 d6 2. Nf3 c5 3. d3 Nc6 4. g3 g6 5. Bg2 Bg7 6. O-O e5 7. c3 Nge7 8. a3 h6
9. b4 Bg4 10. b5 Na5 11. c4 Qd7 12. Bd2 b6 13. Nc3 O-O 14. Qc2 f5 15. Nh4 f4
16. f3 g5 17. fxg4 gxh4 18. Qd1 hxg3 19. hxg3 Ng6 20. Nd5 fxg3 21. Bxa5 bxa5
22. Ne3 Bf6 23. Rf3 Bg5 24. Rxg3 Bxe3+ 25. Rxe3 Rf4 26. Rg3 Qe7 27. g5 hxg5 28.
Qh5 Kg7 29. Qxg5 Qxg5 30. Rxg5 Kf6 31. Rg3 Rh4 32. Rh3 Rxh3 33. Bxh3 Nf4 34.
Bf1 Kg5 35. Ra2 Rg8 36. Rh2 Rg7 37. Kf2 Nh5 38. Rg2+ Kf4 39. Rxg7 Nxg7 40. Bh3
Ne8 41. Be6 Ng7 42. Bf7 Kg4 43. Ke2 Kg5 44. Kd2 Kf6 45. Bd5 Nh5 46. Kc3 a4 47.
Bg8 Ke7 48. Bh7 Nf6 49. Bf5 Kd8 50. Kd2 Kc7 51. Bg6 Kb6 52. Ke3 a6 53. bxa6
Kxa6 54. Kf3 Kb6 55. Kg3 Ng8 56. Kg4 Ne7 57. Be8 Nc6 58. Kg5 Nd4 59. Bxa4 Nf3+
60. Kf6 Ne1 61. Ke7 Kc7 62. Bd1 Nxd3 63. a4 Nf2 64. Bc2 Ng4 65. a5 Ne3 66. Bb3
Nf1 67. Bc2 Ne3 68. Bd3 Nd1 69. a6 Nb2 70. Be2 Na4 71. Bd1 Nb6 72. Bb3 Nc8+ 73.
Ke6 Na7 74. Ba4 Nc8 75. Bd7 Nb6 1/2-1/2

[Event "Karnevals-Open"]
[Site "Solingen"]
[Date "2012.02.19"]
[Round "5.15"]
[White "Fichtner, Ewald"]
[Black "Herzum, Peter"]
[Result "1-0"]
[WhiteElo "2012"]
[BlackElo "1782"]
[PlyCount "103"]
[EventDate "2012.??.??"]
[WhiteTeam "SG Solingen e.V."]
[BlackTeam "Düsseldorfer Schachklub 14/25 e."]

1. d4 Nf6 2. c4 c5 3. d5 b5 4. cxb5 a6 5. bxa6 Bxa6 6. Nc3 d6 7. Nf3 g6 8. g3
Bg7 9. Bg2 O-O 10. O-O Nbd7 11. Rb1 Qa5 12. Qc2 Rfb8 13. b3 Ne8 14. Bb2 c4 15.
Rfd1 cxb3 16. axb3 Nc5 17. Ne4 Nxe4 18. Qxe4 Bxb2 19. Rxb2 Ra7 20. b4 Qa3 21.
Rdb1 Nf6 22. Qd4 Rab7 23. Ne1 Qa4 24. Qd2 Qb5 25. e3 Qd7 26. Nc2 Bc4 27. Qd4
Bb5 28. Ra1 Rc8 29. Na3 Rbc7 30. Qd2 Ra7 31. Rba2 Rca8 32. Nb1 Rxa2 33. Rxa2
Rxa2 34. Qxa2 Qc8 35. Qd2 Qa6 36. h3 Qa1 37. Qd1 Be2 38. Qc2 Ba6 39. Kh2 Bb7
40. e4 Qd4 41. Qd2 Qb6 42. Na3 Qa6 43. Qe3 Bc8 44. b5 Qb7 45. Bf1 Nd7 46. Nc2
Ne5 47. Nd4 Kg7 48. Nc6 e6 49. Nxe5 dxe5 50. Qc3 f6 51. Qc6 Qxc6 52. dxc6 1-0

[Event "Karnevals-Open"]
[Site "Solingen"]
[Date "2012.02.19"]
[Round "5.16"]
[White "Hanke, Stefan"]
[Black "Schwarz, Ingo"]
[Result "0-1"]
[WhiteElo "1840"]
[BlackElo "1992"]
[PlyCount "55"]
[EventDate "2012.??.??"]
[WhiteTeam "SC Solingen 1928 e.V."]
[BlackTeam "FS 98 Dortmund"]

1. d4 d5 2. c4 Nc6 3. Nc3 e6 4. e3 Nf6 5. Nf3 Be7 6. Bd3 dxc4 7. Bxc4 O-O 8.
O-O a6 9. a3 Rb8 10. b4 b5 11. Bd3 Bb7 12. Bb2 Bd6 13. Rc1 e5 14. d5 Ne7 15. e4
c6 16. Re1 Re8 17. Qb3 cxd5 18. exd5 Nexd5 19. Ne4 Nxe4 20. Bxe4 Nf4 21. Bxb7
Rxb7 22. Bxe5 Bxe5 23. Nxe5 Rbe7 24. Qf3 Nxg2 25. Kxg2 Rxe5 26. Rxe5 Rxe5 27.
Rd1 Qc8 28. Rd7 0-1

[Event "Karnevals-Open"]
[Site "Solingen"]
[Date "2012.02.19"]
[Round "5.17"]
[White "Biedeköpper, Robert"]
[Black "Der, Josef"]
[Result "1-0"]
[WhiteElo "2111"]
[BlackElo "1798"]
[PlyCount "45"]
[EventDate "2012.??.??"]
[WhiteTeam "Godesberger SK 1929 e.V."]
[BlackTeam "Düsseldorfer SK 14/25 e."]

1. c4 c5 2. Nf3 Nf6 3. Nc3 Nc6 4. d4 cxd4 5. Nxd4 e6 6. Ndb5 d6 7. e4 e5 8. Nd5
Nxd5 9. cxd5 a6 10. dxc6 axb5 11. cxb7 Bxb7 12. Bxb5+ Ke7 13. Qe2 Rb8 14. a4 g6
15. O-O Bg7 16. Rd1 Qc7 17. Bg5+ f6 18. Rac1 Qd8 19. Bd2 Rc8 20. Bc4 Re8 21.
Bb4 Rc6 22. Bb5 Rxc1 23. Rxc1 1-0